Movies Quiz

Random Movies or Oscar Quiz
Score 0/74 Timer 07:00
0 Plays Today
Year Movie % Correct
2007Juno
90.9%
2008Milk
89.9%
1997Good Will Hunting
88.9%
1998Shakespeare In Love
88%
2003Lost in Translation
87.4%
1995The Usual Suspects
85.6%
1999American Beauty
85%
2004Eternal Sunshine of the Spotless Mind
84.3%
1996Fargo
83.7%
1982Gandhi
83.1%
1987Moonstruck
82.1%
1990Ghost
81.2%
1993The Piano
81%
1977Annie Hall
80%
2013Her
77.9%
1970Patton
77.5%
1941Citizen Kane
76.7%
1989Dead Poets Society
74.4%
1973The Sting
73.6%
1988Rain Man
73.6%
1975Dog Day Afternoon
72.6%
2011Midnight in Paris
72.4%
2012Django Unchained
72.4%
1994Pulp Fiction
72%
2006Little Miss Sunshine
71.5%
2005Crash
70.9%
1974Chinatown
70.7%
1985Witness
70.5%
1954On the Waterfront
69.1%
1976Network
68.2%
1978Coming Home
67.8%
1991Thelma and Louise
67.8%
1960The Apartment
64.7%
1969Butch Cassidy and the Sundance Kid
64.5%
2000Almost Famous
62.1%
1983Tender Mercies
60.2%
2010The King's Speech
58.6%
Year Movie % Correct
1968The Producers
57.7%
2009The Hurt Locker
57.5%
1981Chariots of Fire
53.6%
1967Guess Who's Coming to Dinner
52.4%
1984Places In the Heart
52.2%
1992The Crying Game
49.7%
2002Talk to Her
43.1%
2001Gosford Park
42.3%
1965Darling
41.9%
1950Sunset Boulevard
41.7%
1986Hannah and Her Sisters
40.8%
1980Melvin and Howard
39.8%
1948*The Treasure of the Sierra Madre
39.2%
1979Breaking Away
38.8%
1951An American in Paris
38.8%
1971The Hospital
33.8%
1959Pillow Talk
30.7%
1961Splendor in the Grass
30.5%
1958The Defiant Ones
30.1%
1972The Candidate
28.5%
1962Divorce, Italian Style
22.5%
1942Woman of the Year
22.5%
1966A Man and a Woman
21.7%
1953Titanic
19%
1940The Great McGinty
18.1%
1964Father Goose
17.5%
1956The Red Balloon
16.5%
1957Designing Woman
16.3%
1952The Lavender Hill Mob
16.1%
1963How the West Was Won
14.4%
1949Battleground
11.7%
1943Princess O'Rourke
11.1%
1944Wilson
10.9%
1945Marie-Louise
10.1%
1947The Bachelor and the Bobby-Soxer
9.9%
1955Interrupted Melody
9.5%
1946The Seventh Veil
9.5%

You're not logged in!

Compare scores with friends on all Sporcle quizzes.
OR
Log In

Sporcle TV

Today on Sporcle TV


Watch our educational content, quiz creation guides, and fun videos on Sporcle TV.

Show Comments

Extras

Top Quizzes Today


Score Distribution

Paid Content

Your Account Isn't Verified!

In order to create a playlist on Sporcle, you need to verify the email address you used during registration. Go to your Sporcle Settings to finish the process.

Report this User

Report this user for behavior that violates our Community Guidelines.

Details: